00438 2200157 4500001002100000008004100021035002000062245009100082100001500173250000600188260003800194084001400232082000800246650001400254990001200268INLIS000000000001520 ind  a0010-0125000018 aPendidikan Karakter Berbasis Sastra; Solusi Pendidikan Moral Yang EdukatifcRohinah M. aRohinah M. a1 aYogyakarta :bAr Ruzz Mediac2011 a370 ROH p a370 aNon Fiksi a0714943